000 00534nam a2200181Ia 4500
005 20250508161421.0
008 008 250505s9999 xx 000 0 eng d
037 _aBooks to be hide in OPAC
040 _aFEDL
_beng
_cFEDL
041 _aeng
_2eng
084 _a371.26, GRE
_qFEDL
100 _aGreene Harry A
245 0 _aMeasurment and evalution in the elementary school
260 _aNew York, USA
_bLongmans, Green and Co
_c1953
300 _axxi,615p.
942 _cHB
_h371.26, GRE
999 _c1369908
_d1369908